Quantum mechanics /
Guardado en:
| Autor Principal: | |
|---|---|
| Formato: | Libro |
| Idioma: | English French |
| Publicado: |
Amsterdam :
North-Holland,
1961-1962.
|
| Series: | Series in physics
|
| Acceso en línea: | Table of contents |
| Etiquetas: |
Agregar Etiqueta
Sin Etiquetas, Sea el primero en etiquetar este registro!
|
| LEADER | 00957nam a22002535a 4500 | ||
|---|---|---|---|
| 001 | MAT.inmabb001361 | ||
| 008 | 031124m19611962ne#######b####001#0#eng#d | ||
| 005 | 20130328153848.0 | ||
| 245 | 1 | 0 | |a Quantum mechanics / |c Albert Messiah ; [translated from the French by G. M. Temmer]. |
| 260 | |a Amsterdam : |b North-Holland, |c 1961-1962. | ||
| 300 | |a 2 v. (xv, 1136 p.) ; |c 23 cm. | ||
| 490 | 0 | |a Series in physics | |
| 500 | |a Traducción de: Mécanique quantique. Paris : Dunod, 1959-1960. | ||
| 504 | |a Incluye referencias bibliográficas. | ||
| 510 | 4 | |a MR, |c 23 #B2826 |3 (v. 1) | |
| 510 | 4 | |a MR, |c 26 #4643 |3 (v. 2) | |
| 100 | 1 | |a Messiah, Albert. | |
| 240 | 1 | 0 | |a Mécanique quantique. |l Inglés |
| 084 | |a 81-01 |2 msc2000 | ||
| 010 | |a 62000047 | ||
| 041 | 1 | |a eng |h fre | |
| 856 | |u http://www.loc.gov/catdir/toc/dover031/99055362.html |y Table of contents | ||
| 859 | |h 81 |i M585 |p A-1020 |v 1 |3 Vol. 1 |b BIB. MATEMATICA | ||
| 859 | |h 81 |i M585 |p A-1021 |v 2 |3 Vol. 2 |b BIB. MATEMATICA | ||
